000 00644nam a2200265Ia 4500
005 20250425162731.0
008 250425s9999 xx 000 0 und d
020 _a8423400964
041 _aspa
043 _asp
082 _a658.5
100 _aARJONA CIRIA, ANTONIO
245 0 _aAPLICACIONES DEL CONTROL DE PRODUCCION
250 _a1A ED.
260 _aBILBAO
260 _aEspaƱa
_bEDICIONES DEUSTO S.A.
_c1979
300 _a159
500 _aCONTIENE GRAFICAS
650 _aCONTROL DE PRODUCCION
650 _aPROGRAMACION
650 _aTRABAJO
710 _aEDICIONES DEUSTO S.A.
942 _c01
010 _a103930
999 _c235347
_d235347